Countries recognizing Crimea Referendum Quiz Stats

 Plays Quiz not verified by Sporcle

Challenge
Share
Tweet
Embed
Score 0/19 Timer 10:00
0 Plays Today
Hint Answer % Correct
Russia
96.9%
De-facto countryAbkhazia
87.5%
Belarus
84.4%
Cuba
84.4%
Kazakhstan
81.3%
North Korea
81.3%
Venezuela
78.1%
De-facto countrySouth Ossetia
75%
Armenia
75%
Kyrgyzstan
68.8%
Hint Answer % Correct
Syria
68.8%
Nicaragua
65.6%
De-facto countryNagorno-Karabakh
62.5%
Zimbabwe
62.5%
De-facto countryTransnistria
59.4%
Bolivia
59.4%
Afghanistan
56.3%
Sudan
56.3%
Uganda
40.6%

You're not logged in!

Compare scores with friends on all Sporcle quizzes.
OR
Log In

You Might Also Like...

Show Comments

Extras

Top Quizzes Today


Score Distribution

Your Account Isn't Verified!

In order to create a playlist on Sporcle, you need to verify the email address you used during registration. Go to your Sporcle Settings to finish the process.

Report this User

Report this user for behavior that violates our Community Guidelines.

Details: